|
|
|
|
| LEADER |
01567nam a2200445 i 4500 |
| 001 |
001932948 |
| 003 |
CZ BrMZK |
| 005 |
20250822074615.0 |
| 007 |
ta |
| 008 |
250417s2024 xo e f 000 0 cze |
| 020 |
|
|
|a 978-80-8100-323-3
|q (brožováno)
|
| 040 |
|
|
|a BOA001
|b cze
|e rda
|
| 041 |
1 |
|
|a cze
|h ger
|
| 072 |
|
7 |
|a 615.8
|x Fyzioterapie. Psychoterapie. Alternativní lékařství
|2 Konspekt
|9 14
|
| 080 |
|
|
|a 57.034
|2 MRF
|
| 080 |
|
|
|a 577.337
|2 MRF
|
| 080 |
|
|
|a 615.8(315)
|2 MRF
|
| 080 |
|
|
|a (035)
|2 MRF
|
| 100 |
1 |
|
|a Ursinus, Lothar,
|d 1950-
|7 xx0170634
|4 aut
|
| 240 |
1 |
0 |
|a Organuhr - leicht erklärt.
|l Česky
|
| 245 |
1 |
0 |
|a Orgánové hodiny - snadno a srozumitelně /
|c Lothar Ursinus
|
| 264 |
|
1 |
|a Bratislava :
|b Eugenika,
|c 2024
|
| 300 |
|
|
|a 141 stran ;
|c 18 cm
|
| 336 |
|
|
|a text
|b txt
|2 rdacontent
|
| 337 |
|
|
|a bez média
|b n
|2 rdamedia
|
| 338 |
|
|
|a svazek
|b nc
|2 rdacarrier
|
| 500 |
|
|
|a Z němčiny přeložila Soňa Siepaková
|
| 650 |
0 |
7 |
|a cirkadiánní rytmy
|7 ph137708
|2 czenas
|
| 650 |
0 |
7 |
|a energetický systém člověka
|7 ph137672
|2 czenas
|
| 650 |
0 |
7 |
|a čínské lékařství
|7 ph128213
|2 czenas
|
| 650 |
0 |
9 |
|a circadian rhythms
|2 eczenas
|
| 650 |
0 |
9 |
|a human bioenergetics
|2 eczenas
|
| 650 |
0 |
9 |
|a Chinese medicine
|2 eczenas
|
| 655 |
|
7 |
|a příručky
|7 fd133209
|2 czenas
|
| 655 |
|
9 |
|a handbooks and manuals
|2 eczenas
|
| 700 |
1 |
|
|a Siepaková, Soňa
|7 xx0171686
|4 trl
|
| 910 |
|
|
|a BOA001
|b 1-1541.997
|
| 990 |
|
|
|a BK
|
| 991 |
|
|
|b 202508
|c NOV
|
| 996 |
7 |
|
|b 2611000961
|c 1-1541.997
|l MZK
|r Sklad / do 1 hodiny
|n 0
|p kupz
|w 002002694
|u 000010
|a 1
|e BOA001
|j MZK50
|s A
|